| 000 | 00734cam a22002537a 4500 | ||
|---|---|---|---|
| 003 | CHAP | ||
| 005 | 20220329140701.0 | ||
| 008 | 971013s1974 r 00010 d | ||
| 010 | _a56007 | ||
| 011 | _a56979 | ||
| 035 | _a61132 | ||
| 040 | _cCHAP | ||
| 090 | _aFolleto 6861 | ||
| 100 | 0 | 0 |
_aShastitko, V. _9105533 |
| 245 | 1 | 3 |
_aEl mercado socialista mundial _b: problemas y tendencias del desarrollo |
| 260 |
_aMoscĂș : _bAgencia de Prensa Novosti, _c1974 |
||
| 300 | _a100 p. | ||
| 590 |
_aBATCH-UPD _b10 _c20130110 _lUCH01 _h1333 |
||
| 590 |
_aCONVERSION _b10 _c20130109 _lUCH01 _h1330 |
||
| 650 | 1 | 4 |
_aComercio internacional. _925641 |
| 901 | _aBK | ||
| 942 | _cFOLL | ||
| 949 |
_aFolleto 6861 _bBC _cFOLL _d-131440 _eTS1 _i61132 _si |
||
| 999 |
_c56007 _d56007 |
||